Statistics for First Name #7

Click here to take the quiz!

General Stats

  • This quiz has been taken 161 times
  • The average score is 10 of 12

Answer Stats

First nameLast names% Correct
VincentVan Gogh, Price, Cassel
98%
HarryHoudini, Styles, Belafonte
96%
MichelleWilliams, Pfeiffer, Obama
96%
MorganFreeman, Fairchild, Spurlock
94%
EvaMendes, Longoria, Braun
92%
ThomasMore, Edison, Mann
92%
KateMoss, Bush, Middleton
90%
VictoriaBeckham, Gotti, Silvstedt
90%
SethRogen, MacFarlane, Green
79%
HermanGöring, Melville, Cain
69%
MollyRingwald, Shannon, Pitcher
69%
AnthonyQuinn, Kiedis, Perkins,
65%

Score Distribution

Percentile by Number Answered

Percent of People with Each Score

Your Score History

You have not taken this quiz